Geography Quiz

Random Geography or World Quiz

Capitals: Most and Least Known Countries Quiz Stats

Quiz Updated May 11, 2016

Challenge
Share
Tweet
Embed
Score 0/20 Timer 07:00
3 Plays Today
Capital % Correct
Washington, D.C.
96.4%
London
94.2%
Paris
94%
Mexico City
84.7%
Beijing
82.2%
Moscow
81.7%
Ottawa
80%
Madrid
77.9%
Brasília
64.7%
Canberra
60.9%
Capital % Correct
Funafuti
24.2%
Yaren
21.6%
Dili
21.4%
Ngerulmud
19.6%
São Tomé
18.8%
Port Vila
18.3%
Tarawa
18%
Moroni
16.7%
St. John's
14.7%
Ouagadougou
12.4%

You're not logged in!

Compare scores with friends on all Sporcle quizzes.
Sign Up with Email
OR
Log In

You Might Also Like...

Show Comments

Extras

Top Quizzes Today


Score Distribution

Your Account Isn't Verified!

In order to create a playlist on Sporcle, you need to verify the email address you used during registration. Go to your Sporcle Settings to finish the process.